00270nam a22000977a 4500008004100000082001600041100002200057245005300079260003200132300000800164230620b xxu||||| |||| 00| 0 eng d a320.53bGOR cMikhail Gorbachev aTHE SOCIALIST IDEA AND REVOLUTIONARY PERESTROIKA aMoscowbNovosti Pressc1989 a31p